[Event "Wattens op"]
[Site "Wattens"]
[Date "1993.??.??"]
[Round "?"]
[White "Chiong, Luiz"]
[Black "Mednis, Edmar John"]
[Result "1-0"]
[WhiteElo "2390"]
[BlackElo "2440"]

1.d4 Nf6 2.c4 e6 3.Nf3 Bb4+ 4.Nbd2 b6 5.a3 Bxd2+ 6.Bxd2 Bb7 7.Bg5 h6 8.Bh4 d6
9.e3 Nbd7 10.Qc2 Qe7 11.Rd1 g5 12.Bg3 h5 13.h4 Ne4 14.Nxg5 Nxg3 15.fxg3 O-O-O
16.Qf2 f6 17.Nh3 e5 18.d5 Rdg8 19.e4 Rg4 20.Be2 Rxe4 21.O-O Kb8 22.Bd3 Rd4
23.Be2 Rg4 24.Kh1 Rg7 25.Rd3 Qe8 26.Re3 Qg8 27.Kh2 Bc8 28.Bd3 Rh6 29.Bf5 Rg4
30.b3 Nc5 31.Bxg4 hxg4 32.Ng1 Qh7 33.Qd2 f5 34.b4 Nd7 35.Ne2 f4 36.Rb3 Nf6
37.Kg1 Ne4 38.Qe1 Ba6 39.b5 Bc8 40.a4 Nc5 41.Ra3 Ne4 42.Nxf4 Nxg3 43.Rxg3 Rxh4
44.Nd3 e4 45.Nf2 Bf5 46.Qe3 Qg7 47.a5 bxa5 48.Qc3 Qe7 49.Ra1 a4 50.Rxa4 Rh7
51.Qa5 Qh4 52.Qxa7+ Kc8 53.Qa8+ Kd7 54.Qc6+  1-0

[Event "Aarhus int"]
[Site "Aarhus"]
[Date "1994.??.??"]
[Round "8"]
[White "Kjeldsen, Jens"]
[Black "Nielsen, Uffe V"]
[Result "1/2-1/2"]
[WhiteElo "2365"]
[BlackElo "2385"]

1.d4 Nf6 2.Nf3 e6 3.c4 Bb4+ 4.Nbd2 d5 5.g3 O-O 6.Bg2 a5 7.O-O b6 8.Ne5 c6
9.a3 Bd6 10.Qc2 Ba6 11.e4  1/2-1/2

[Event "Alcobendas op"]
[Site "Alcobendas"]
[Date "1994.??.??"]
[Round "9"]
[White "Bass, Leonid"]
[Black "Izeta Txabarri, Felix"]
[Result "1/2-1/2"]
[WhiteElo "2495"]
[BlackElo "2505"]

1.d4 Nf6 2.c4 e6 3.Nf3 Bb4+ 4.Nbd2 b6 5.a3 Bxd2+ 6.Bxd2 Bb7 7.Bg5 d6 8.e3 Nbd7
9.Bh4 h6 10.Qc2 g5 11.Bg3 Ne4 12.Nd2 Nxd2 13.Qxd2 f5 14.f3 Qf6 15.Be2 e5
16.O-O-O O-O-O 17.Qc3 Rhe8 18.Rhe1 Re7 19.d5 f4 20.Bf2 fxe3 21.Bxe3 Kb8 22.Bd3 c6
23.dxc6 Bxc6 24.Kb1 Nf8  1/2-1/2

[Event "AUT-chT2W 9495"]
[Site "Austria"]
[Date "1994.??.??"]
[Round "?.6"]
[White "Finz, H."]
[Black "Lochner, Herbert"]
[Result "0-1"]
[WhiteElo "1800"]
[BlackElo "1850"]

1.d4 e6 2.c4 Nf6 3.Nf3 Bb4+ 4.Nbd2 b6 5.a3 Bxd2+ 6.Qxd2 Bb7 7.e3 Ne4 8.Qc2 f5
9.Be2 d6 10.O-O Nd7 11.b3 O-O 12.Bb2 Ng5 13.d5 Nxf3+ 14.Bxf3 e5 15.e4 f4
16.b4 Qg5 17.Qe2 Bc8 18.Kh1 Rf6 19.Bg4 Rh6 20.Be6+ Kf8 21.Rac1 Qh4 22.h3 Rxe6
23.dxe6 Nf6 24.Qd3 Bxe6 25.c5 bxc5 26.bxc5 Kf7 27.cxd6 cxd6 28.Rc7+ Kg6 29.Kg1 Qg5
30.Rfc1 Rb8 31.Ba1 Rb3 32.R7c3 Rb6 33.Rb1 Bxh3 34.g3 fxg3 35.fxg3 Rxb1+ 36.Qxb1 Qd2
37.Rc2 Qe3+ 38.Kh2 Bg4 39.Rb2 Nxe4 40.Rg2 Bf3 41.Rb2 Qh6+  0-1

[Event "AUT-chT"]
[Site "?"]
[Date "1994.??.??"]
[Round "?"]
[White "Moser, Guenter"]
[Black "Druckenthaner, Andreas"]
[Result "1/2-1/2"]
[WhiteElo "2280"]
[BlackElo "2285"]

1.d4 Nf6 2.c4 e6 3.Nf3 Bb4+ 4.Nbd2 O-O 5.a3 Bxd2+ 6.Qxd2 a5 7.b3 Nc6 8.Qc2 Qe7
9.Bb2 d6 10.h3 e5  1/2-1/2

[Event "AUT-chT"]
[Site "?"]
[Date "1994.??.??"]
[Round "?"]
[White "Hertneck, Gerald"]
[Black "Horvath, Gyula"]
[Result "1-0"]
[WhiteElo "2555"]
[BlackElo "2450"]

1.d4 Nf6 2.c4 e6 3.Nf3 Bb4+ 4.Nbd2 b6 5.a3 Bxd2+ 6.Bxd2 Bb7 7.g3 O-O 8.Bg2 d6
9.O-O Nbd7 10.b4 Qe7 11.a4 c5 12.e3 Rfc8 13.Qe2 Ne4 14.Rfc1 Nxd2 15.Qxd2 a5
16.bxc5 bxc5 17.Rab1 Nf6 18.Ng5 Bxg2 19.Kxg2 d5 20.Rb5 cxd4 21.Qxd4 Qa3 22.Ra1 Qe7
23.cxd5 Nxd5 24.Ne4 h6 25.Nc5 Qf6 26.Qxf6 gxf6 27.Ra3 Nc7 28.Rb7 Nd5 29.Nd7 Rc4
30.Kf3 Rb4 31.Rb3 Rxb3 32.Rxb3 Ra7 33.Rb8+ Kg7 34.Nc5 f5 35.e4 fxe4+ 36.Kxe4 Nf6+
37.Kd4 Ng4 38.f4 Nxh2 39.Rb7 Ra8 40.Nxe6+ Kg6 41.Nc7 Rd8+ 42.Nd5 h5 43.Kc5 Nf1
44.f5+ Kg7 45.f6+ Kg6 46.Nf4+ Kxf6 47.Nxh5+ Kg5 48.Rxf7 Kxh5 49.Rxf1 Rb8
50.Kc6 Kg6 51.Rf4 Rb4 52.Kc5 Rb3 53.g4 Kg5 54.Rd4 Kh4 55.Rc4 Rb8 56.Kd5 Rb1
57.Rc5 Kxg4 58.Rxa5 Kf5 59.Kd6+ Kf6 60.Rb5 Rd1+ 61.Rd5 Ra1 62.a5 Ra2 63.Kd7 Ra1
64.Rd6+ Kf7 65.a6 Ra2 66.Kc8 Ke7 67.Rd7+  1-0

[Event "Badenweiler op"]
[Site "Badenweiler"]
[Date "1994.??.??"]
[Round "5"]
[White "Schlosser, Philipp"]
[Black "Grant, Jonathan"]
[Result "1-0"]
[WhiteElo "2540"]
[BlackElo "2255"]

1.c4 Nf6 2.Nf3 e6 3.d4 Bb4+ 4.Nbd2 b6 5.a3 Bxd2+ 6.Bxd2 Bb7 7.Bg5 d6 8.e3 Nbd7
9.Qc2 h6 10.Bh4 g5 11.Bg3 Qe7 12.Rd1 Rg8 13.d5 e5 14.Nd2 h5 15.h4 g4 16.Bd3 a5
17.b4 axb4 18.axb4 Nf8 19.O-O Ng6 20.Ra1 Rb8 21.Ra7 Nd7 22.Bf5 Nxh4 23.Bxh4 Qxh4
24.Qa4 Qd8 25.Ne4 Bc8 26.Qc6 Rg5 27.Rxc7  1-0

[Event "EUCup Gr"]
[Site "Baile Herculane"]
[Date "1994.??.??"]
[Round "3"]
[White "Kozul, Zdenko"]
[Black "Bogdanovski, Vlatko"]
[Result "1/2-1/2"]
[WhiteElo "2575"]
[BlackElo "2515"]

1.d4 Nf6 2.Nf3 e6 3.c4 Bb4+ 4.Nbd2 b6 5.a3 Bxd2+ 6.Bxd2 Bb7 7.Bg5 d6 8.e3 Nbd7
9.Be2 h6 10.Bh4 g5 11.Bg3 h5 12.h4 g4 13.Ng5 Bxg2 14.Rg1 Bb7 15.Qc2 Qe7 16.b4 a5
17.c5 bxc5 18.dxc5 dxc5 19.bxa5 e5 20.Rb1 Ba6 21.Qf5 c4 22.Kf1 c3 23.Bxa6 Rxa6
24.Kg2 Rxa5 25.Rgd1 Kf8 26.Rb3 Rc5 27.Qc2 Rh6 28.Rxc3 Rxc3 29.Qxc3 Ne8 30.Rd5 Rd6
31.Ra5 f6 32.Ne4 Rb6 33.Ra8 Qe6 34.Qxc7 Qd5 35.Qd8 Qxe4+ 36.Kh2 Nb8 37.Rxb8 Rxb8
38.Qxb8 Qa4 39.Qc8 Kf7 40.Qb7+ Kg6  1/2-1/2

[Event "EUCup Gr4"]
[Site "Balatonbereny"]
[Date "1994.??.??"]
[Round "?"]
[White "Lundin, Anders"]
[Black "Gostisa, Leon"]
[Result "1/2-1/2"]
[WhiteElo "2270"]
[BlackElo "2420"]

1.d4 Nf6 2.c4 e6 3.Nf3 Bb4+ 4.Nbd2 b6 5.e3 Bb7 6.Bd3 O-O 7.O-O d5 8.b3 c5
9.Bb2 cxd4 10.exd4 Nc6 11.Qe2 Rc8 12.Rfd1 Bd6 13.Ne5 Ne7 14.Ndf3 Ng6 15.Bc1 Qc7
16.Bg5 Ne4 17.Rac1 Bxe5 18.dxe5 h6 19.cxd5 Nc3 20.Rxc3 Qxc3 21.Bd2 Qb2 22.dxe6 Bxf3
23.gxf3 Qxe5 24.exf7+ Rxf7 25.Be4 Rd8 26.Be3 Rxd1+ 27.Qxd1 Rf6 28.Qd8+ Rf8
29.Qd7 Nf4 30.Bxf4 Qxf4 31.Qxa7 Qc1+ 32.Kg2 Qg5+ 33.Kf1 Qb5+ 34.Kg2 Rd8 35.Qc7 Qg5+
36.Kh3 Qh5+ 37.Kg2 Qg5+ 38.Kh3 b5 39.Qg3 Qh5+ 40.Kg2 Kh8 41.a4 b4 42.Qg4 Qe5
43.Qg6 Kg8 44.h4 Kf8 45.Qb6 Qd6 46.Qb5 Rb8 47.Qf5+ Ke7 48.a5 Rf8 49.Qb5 Rf6
50.Bd3 Rg6+ 51.Bxg6 Qxg6+ 52.Kh3 Qe6+ 53.Kg3 Qg6+ 54.Kf4 Qf7+ 55.Ke4 Qxb3
56.a6 Qc2+ 57.Kd5 Qf5+ 58.Kc4 Qxb5+ 59.Kxb5 b3 60.a7 b2 61.a8=Q b1=Q+ 62.Kc5 Qf5+
63.Kc4 Qc2+ 64.Kd5 Qf5+ 65.Kc4 Qc2+  1/2-1/2

[Event "JUG-chT Cup"]
[Site "Becici"]
[Date "1994.??.??"]
[Round "?"]
[White "Nestorovic, Dejan"]
[Black "Todorovic, Goran N"]
[Result "0-1"]
[WhiteElo "2365"]
[BlackElo "2400"]

1.d4 Nf6 2.c4 e6 3.Nf3 Bb4+ 4.Nbd2 O-O 5.a3 Bxd2+ 6.Bxd2 Ne4 7.Bf4 d6 8.Qc2 f5
9.e3 b6 10.Bd3 Bb7 11.O-O-O Nd7 12.h4 Qe8 13.Ne1 Nef6 14.Bg5 Be4 15.f3 Bxd3
16.Nxd3 e5 17.dxe5 Nxe5 18.Nf4 Nh5 19.Nd5 Qd7 20.Bf4 Rae8 21.Rhe1 Ng6 22.g3 Ne5
23.Rf1 Rf7 24.Qc3 a5 25.Bxe5 Rxe5 26.g4 fxg4 27.fxg4 Rxf1 28.Rxf1 Ng3 29.Re1 Qxg4
30.Kb1 Qg6+ 31.Ka2 Qf7 32.Qd3 Ne4 33.Rf1 Qd7 34.Rf4 Nc5 35.Qf1 Ne6 36.Qh3 h6
37.Rf6 Kh7 38.Qg4 Qe8 39.Rf2 Qg6 40.Qh3 Qe4 41.b3 a4 42.Rf7 Qc2+  0-1

[Event "Belgrade Trako"]
[Site "Belgrade"]
[Date "1994.??.??"]
[Round "3"]
[White "Nestorovic, Dejan"]
[Black "Bogdanovski, Vlatko"]
[Result "0-1"]
[WhiteElo "2365"]
[BlackElo "2515"]

1.d4 Nf6 2.c4 e6 3.Nf3 Bb4+ 4.Nbd2 b6 5.a3 Bxd2+ 6.Bxd2 Bb7 7.Bg5 d6 8.e3 Nbd7
9.Be2 h6 10.Bh4 g5 11.Bg3 h5 12.h3 Ne4 13.Qc2 Qe7 14.b4 Ndf6 15.c5 Bd5 16.Bd3 bxc5
17.bxc5 Rb8 18.Rb1 Rxb1+ 19.Qxb1 O-O 20.cxd6 cxd6 21.Bh2 Rc8 22.Nd2 Qb7 23.Nxe4 Qxb1+
24.Bxb1 Rc1+ 25.Kd2 Rxh1 26.Nxf6+ Kg7 27.Nxd5 exd5 28.Bd3 Rxh2 29.Bf1 g4
30.Ke1 f5 31.Ke2 Kf6 32.Ke1 Kg5 33.Ke2 Rh1 34.Ke1 Rg1 35.Ke2 h4 36.Ke1 f4
37.hxg4 f3  0-1

[Event "Biel op"]
[Site "Biel"]
[Date "1994.??.??"]
[Round "2"]
[White "Gunawan, Ruben"]
[Black "Libeau, Rene"]
[Result "1-0"]
[WhiteElo "2345"]
[BlackElo "2490"]

1.d4 Nf6 2.Nf3 e6 3.c4 Bb4+ 4.Nbd2 b6 5.a3 Bxd2+ 6.Bxd2 Bb7 7.Bf4 d6 8.e3 Nbd7
9.Be2 Qe7 10.O-O O-O 11.h3 Rfd8 12.Bh2 Rac8 13.Qa4 a6 14.Rfd1 c5 15.Rac1 cxd4
16.Nxd4 Nc5 17.Qb4 Qc7 18.Qe1 e5 19.b4 Ncd7 20.Nf5 Nf8 21.f3 Ng6 22.Kh1 Ne7
23.Nxe7+ Qxe7 24.e4 Bc6 25.b5 Bb7 26.Bg3 Nd7 27.Qb4 axb5 28.Qxd6  1-0

[Event "Slovan op"]
[Site "Bratislava"]
[Date "1994.??.??"]
[Round "?"]
[White "Koutsin, Sergey"]
[Black "Stohl, Igor"]
[Result "1/2-1/2"]
[WhiteElo "2445"]
[BlackElo "2560"]

1.d4 Nf6 2.c4 e6 3.Nf3 Bb4+ 4.Nbd2 d5 5.e3 O-O 6.Bd3 b6 7.O-O Bb7 8.Qc2 Nbd7
9.e4 Bxd2 10.Nxd2 dxe4 11.Nxe4 Bxe4 12.Bxe4 Nxe4 13.Qxe4 Nf6 14.Qh4 Ne8 15.Bg5 f6
16.Be3 Nd6 17.Rac1 Qd7 18.b3 Rad8 19.Rfd1 Nf5 20.Qe4 Rfe8 21.Rd2 Qf7 22.Rcd1 Rd7
23.Bf4 Nd6 24.Qc6 Red8 25.h3 Nf5 26.Qe4 Nd6 27.Qc6 Nf5 28.Qe4 Nd6  1/2-1/2

[Event "Brno-A"]
[Site "Brno"]
[Date "1994.??.??"]
[Round "9"]
[White "Epishin, Vladimir"]
[Black "Hracek, Zbynek"]
[Result "1/2-1/2"]
[WhiteElo "2650"]
[BlackElo "2530"]

1.d4 e6 2.c4 Nf6 3.Nf3 Bb4+ 4.Nbd2 b6 5.a3 Bxd2+ 6.Bxd2 Bb7 7.Bg5 d6 8.e3 Nbd7
9.Qc2 h6 10.Bh4 Qe7 11.Rd1 a5 12.b3 c5 13.Be2 O-O 14.O-O Rfd8 15.Qb2 Rac8
16.h3 e5 17.dxe5 dxe5 18.Nd2 Re8 19.Nb1 Nf8 20.Nc3 Ng6 21.Bg3 Ne4 22.Nxe4 Bxe4  1/2-1/2

[Event "Budapest FS03 IM-B"]
[Site "Budapest"]
[Date "1994.??.??"]
[Round "1"]
[White "Izsak, Gyula"]
[Black "Eperjesi, Laszlo"]
[Result "1/2-1/2"]
[WhiteElo "2365"]
[BlackElo "2340"]

1.c4 Nf6 2.Nf3 e6 3.d4 Bb4+ 4.Nbd2 d5 5.a3 Bd6 6.e3 O-O 7.Bd3 b6 8.e4 dxe4
9.Nxe4 Nbd7 10.O-O Bb7 11.Bg5 h6 12.Bh4 Be7 13.Qc2 Nxe4 14.Bxe7 Qxe7 15.Bxe4 Bxe4
16.Qxe4 Nf6 17.Qe5 Qd6 18.Rfd1 Rfd8 19.Rac1 Nd7 20.Qe2 Qf4 21.g3 Qf5 22.Kg2 Re8
23.b4 a5 24.b5 Rad8 25.Rc3 Nf6 26.Re3 Nd7 27.Re1 Rf8 28.h3 Qf6 29.Rd1 Rc8
30.Nd2 Qg6 31.Ne4 Nf6 32.Nxf6+ Qxf6 33.Rd2 Rfd8 34.Rf3 Qg6 35.Qe3 Rd6 36.Rf4 Rcd8
37.Rg4 Qf5 38.Re4 Qg5 39.Re2 Qxe3 40.fxe3 g5 41.Rc2 c5 42.bxc6 Rxc6 43.Re5 Rdc8
44.Rb2 Rxc4 45.Rxb6 Rc3 46.Ra6 Rxa3 47.Raxa5 Rc2+ 48.Kf3 Rxa5 49.Rxa5 Rh2
50.d5 exd5 51.Rxd5  1/2-1/2

[Event "Papp Bela mem"]
[Site "Budapest"]
[Date "1994.??.??"]
[Round "4"]
[White "Csiszar, Csaba"]
[Black "Zajogin, Alexander"]
[Result "0-1"]
[WhiteElo "2340"]
[BlackElo "2380"]

1.d4 Nf6 2.c4 e6 3.Nf3 Bb4+ 4.Nbd2 O-O 5.a3 Be7 6.e3 b6 7.Bd3 c5 8.O-O Nc6
9.b3 a5 10.Bb2 Ba6 11.Ne5 Qc7 12.Qf3 a4 13.Qh3 h6 14.f4 axb3 15.Rf3 Rfd8
16.Rg3 Kf8 17.dxc5 d5 18.cxd6 Rxd6 19.Nxb3 Rxd3 20.Nxd3 Bxc4 21.Nbc1 Rd8
22.Ne1 Rd1 23.Nd3 Rxd3 24.Nxd3 Bxd3 25.Rc1 Be4 26.Rg5 Qd6 27.Rb5 Qd2 28.Rf1 Bc5
29.Bc1 Bxe3+ 30.Kh1 Qe2  0-1

[Event "Budapest FS02 IM (Women)"]
[Site "Budapest"]
[Date "1994.??.??"]
[Round "5"]
[White "Kubikova, Hana"]
[Black "Csoke, Adrienn"]
[Result "0-1"]
[WhiteElo "2165"]
[BlackElo "2200"]

1.d4 Nf6 2.Nf3 e6 3.c4 Bb4+ 4.Nbd2 O-O 5.a3 Be7 6.e4 d5 7.Bd3 c5 8.cxd5 exd5
9.e5 Nfd7 10.Qc2 h6 11.O-O Nc6 12.Re1 a5 13.Bf5 cxd4 14.Nb3 Qb6 15.e6 Nf6
16.exf7+ Rxf7 17.Bg6 Rf8 18.Qd3 a4 19.Nbxd4 Ng4 20.Be3 Nxe3 21.fxe3 Bg4 22.Nxc6 bxc6
23.Ne5 Rf4 24.Bh7+ Kh8 25.Ng6+ Kxh7 26.Nxe7+ Re4 27.Rac1 Bd7 28.g4 Re8 29.Nf5 Bxf5
30.gxf5 Kg8 31.Rc3 Qxb2 32.Rc2 Qb8 33.Rxc6 d4 34.Rb1 Qe5 35.Qc4+ Kh8 36.Re6 Qxf5
37.Rxe4 Qxe4 38.Re1 Qg4+ 39.Kh1 Qf3+ 40.Kg1 Re4 41.Qc8+ Kh7 42.h3 dxe3 43.Rf1 Qg3+
44.Kh1 e2 45.Qf5+ Qg6 46.Qxg6+ Kxg6 47.Re1 Kf5 48.Kg2 Kf4  0-1

[Event "Budapest FS07 GM"]
[Site "Budapest"]
[Date "1994.??.??"]
[Round "5"]
[White "Szabolcsi, Janos"]
[Black "Eriksson, Anders"]
[Result "1-0"]
[WhiteElo "2450"]
[BlackElo "2315"]

1.d4 Nf6 2.c4 e6 3.Nf3 Bb4+ 4.Nbd2 b6 5.g3 Bb7 6.Bg2 c5 7.O-O cxd4 8.Nb3 O-O
9.Nbxd4 a6 10.Bf4 Be7 11.Nb3 d6 12.Rc1 Nh5 13.Be3 Nd7 14.Qc2 Nhf6 15.Rfd1 Qc7
16.Qd2 Rfd8 17.Bf4 Ne8 18.h4 Rac8 19.Bh3 Ba8 20.g4 Qb7 21.Qe3 b5 22.cxb5 axb5
23.g5 Rxc1 24.Rxc1 Nc7 25.Na5 Qb8 26.Qd2 Nd5 27.Bg3 Nc5 28.Rxc5  1-0

[Event "Budapest FS04 IM-B"]
[Site "Budapest"]
[Date "1994.??.??"]
[Round "6"]
[White "Bukal, Vladimir Jr"]
[Black "Kovacevic, Blazimir"]
[Result "1-0"]
[WhiteElo "2265"]
[BlackElo "2350"]

1.d4 Nf6 2.c4 e6 3.Nf3 Bb4+ 4.Nbd2 d6 5.g3 Nc6 6.Bg2 a5 7.O-O e5 8.d5 Nb8
9.Qc2 Qe7 10.e4 O-O 11.b3 c6 12.Bb2 Bd7 13.h3 cxd5 14.exd5 a4 15.Rae1 axb3
16.axb3 Na6 17.Nh4 Bc5 18.Kh2 Nb4 19.Qb1 Ra2 20.Bc3 Rfa8 21.f4 Nc2 22.b4 Bd4
23.fxe5 Bxe5 24.Bxe5 dxe5 25.Re2 Qxb4 26.Qxb4 Nxb4 27.Rb1 R8a4 28.Nhf3 Bf5
29.Rc1 Nd3 30.Rb1 Ra7 31.Rb6 h6 32.g4 Bg6 33.d6 Nd7 34.Rb5 e4 35.Nh4 e3 36.Nxg6 fxg6
37.Rxe3 Rxd2 38.Re8+ Kh7 39.Rd5 Raa2 40.Kg3 Rxg2+ 41.Kf3 Raf2+ 42.Ke3 Re2+
43.Kxd3 Rxe8 44.c5 Nxc5+ 45.Rxc5 Rg3+ 46.Kc4 Rxh3 47.Kb5 Rh4 48.Kb6 Rd8 49.Rd5 Rxg4
50.Kc7 b5 51.Kxd8 Ra4 52.d7 g5 53.Ke7 Ra8 54.d8=Q Rxd8 55.Rxd8 Kg6 56.Ke6 g4
57.Ke5 Kh5 58.Ke4 Kh4 59.Ke3 Kg3 60.Ke2 Kh2 61.Rg8 h5 62.Rxg7 Kg3 63.Kf1 h4
64.Kg1 h3 65.Rb7 Kh4 66.Kf2 h2 67.Kg2 g3 68.Rxb5 Kg4 69.Rb3 Kh4 70.Ra3  1-0

[Event "Budapest FS06 GM"]
[Site "Budapest"]
[Date "1994.??.??"]
[Round "6"]
[White "Lukacs, Peter"]
[Black "Loginov, Valery A"]
[Result "1-0"]
[WhiteElo "2485"]
[BlackElo "2540"]

1.d4 Nf6 2.c4 e6 3.Nf3 Bb4+ 4.Nbd2 b6 5.e3 Bb7 6.Bd3 Ne4 7.O-O f5 8.Qc2 Nxd2
9.Nxd2 Bd6 10.f4 O-O 11.a3 Qf6 12.b4 a5 13.b5 Be7 14.Bb2 Qg6 15.e4 d6 16.Rae1 Nd7
17.Re3 Rae8 18.d5 Bf6 19.exf5 exf5 20.Bxf5 Rxe3 21.Bxg6 hxg6 22.Bxf6 Nxf6
23.Qxg6 Bc8 24.f5 Bd7 25.Nf3 Re4 26.h3 Rxc4 27.Re1 Nxd5 28.f6 Rxf6 29.Qd3 Rc5
30.Ng5 Bf5 31.Qxf5  1-0

[Event "Budapest FS07 IM"]
[Site "Budapest"]
[Date "1994.??.??"]
[Round "10"]
[White "Orso, Miklos"]
[Black "Leroy, Adrien"]
[Result "1/2-1/2"]
[WhiteElo "2345"]
[BlackElo "2220"]

1.d4 Nf6 2.Nf3 e6 3.c4 Bb4+ 4.Nbd2 b6 5.g3 Bb7 6.Bg2 O-O 7.O-O c5 8.a3 Bxd2
9.Qxd2 Be4 10.Rd1 cxd4 11.Nxd4 Bxg2 12.Kxg2 d5 13.Nb5 Qd7 14.Qf4 Rc8 15.b3 Qc6
16.Nd4 Qb7 17.Qf3 Nbd7 18.Kg1 Ne5 19.Qg2 Ne4 20.cxd5 Nc3 21.Rd2 Qxd5 22.Qxd5 Nxd5
23.Bb2 Nc6 24.Nxc6 Rxc6 25.e4 Nf6 26.Rad1 Kf8 27.f3 Rac8 28.a4 Rc2 29.g4 Rxd2
30.Rxd2 Ke7 31.Kf2 g6 32.g5 Nd7 33.Ke3 Ke8 34.Bd4 Rc1 35.Kd3 e5 36.Be3 Rf1
37.Rf2 Rb1 38.Kc4 Nc5 39.Bxc5 Rc1+ 40.Kd5 Rxc5+ 41.Kd6 Kf8 42.b4 Rc4 43.Kxe5 Rxb4
44.Kf6 Rc4 45.Rd2 Rc6+ 46.Ke5 Ke7 47.h4 Rc3 48.Kf4 Rc4 49.a5  1/2-1/2

[Event "Budapest FS06 GM"]
[Site "Budapest"]
[Date "1994.??.??"]
[Round "10"]
[White "Wells, Peter K"]
[Black "Loginov, Valery A"]
[Result "1/2-1/2"]
[WhiteElo "2490"]
[BlackElo "2540"]

1.d4 Nf6 2.c4 e6 3.Nf3 Bb4+ 4.Nbd2 b6 5.a3 Bxd2+ 6.Bxd2 Bb7 7.Bg5 d6 8.e3 Nbd7
9.Bh4 Qe7 10.Be2 c5 11.O-O O-O 12.b4 Rfc8 13.Nd2 h6 14.Rb1  1/2-1/2

[Event "ARG-World"]
[Site "Buenos Aires"]
[Date "1994.??.??"]
[Round "1"]
[White "Cramling, Pia"]
[Black "Panno, Oscar"]
[Result "1/2-1/2"]
[WhiteElo "2515"]
[BlackElo "2520"]

1.d4 Nf6 2.c4 e6 3.Nf3 Bb4+ 4.Nbd2 b6 5.a3 Bxd2+ 6.Bxd2 Bb7 7.g3 d6 8.Bg2 O-O
9.O-O a5 10.Rc1 Nbd7 11.Qc2 Be4 12.Qc3 a4 13.Rfd1 Ra7 14.Qe3 Qa8 15.Bc3 Re8
16.Bh3 Bc6 17.Qd3 Ne4 18.Be1 Ndf6 19.Nd2 e5 20.Nxe4 Bxe4 21.Qe3 Bc6 22.Rc2 Be4
23.Rcc1 Bc6 24.Rc2 Be4 25.Rcc1  1/2-1/2

[Event "ARG-World"]
[Site "Buenos Aires"]
[Date "1994.??.??"]
[Round "2"]
[White "Mascarinas, Rico"]
[Black "Tempone, Marcelo"]
[Result "1-0"]
[WhiteElo "2410"]
[BlackElo "2460"]

1.d4 Nf6 2.c4 e6 3.Nf3 Bb4+ 4.Nbd2 O-O 5.a3 Bxd2+ 6.Qxd2 b6 7.Qc2 Bb7 8.e3 d6
9.Bd3 Nbd7 10.O-O c5 11.Nd2 Rc8 12.b4 cxd4 13.exd4 h6 14.Qd1 d5 15.c5 bxc5
16.bxc5 Ne4 17.Nb3 e5 18.Bb2 Re8 19.Rc1 Nef6 20.Re1 e4 21.Bb5 Bc6 22.Bxc6 Rxc6
23.Bc3 Nh7 24.Na5 Rg6 25.Bd2 Ng5 26.Kh1 Ne6 27.Nb7 Qh4 28.Nd6 Rf8 29.Rf1 f5
30.f4 exf3 31.Qxf3 Qxd4 32.Bc3 Qxc5 33.Bb4 Qd4 34.Nxf5 Rxf5 35.Qxf5 Kh7 36.Rcd1 Qh4
37.Rxd5 Nf6 38.Be7 Nd4 39.Bxf6  1-0

[Event "ARG-World"]
[Site "Buenos Aires"]
[Date "1994.??.??"]
[Round "6"]
[White "Cramling, Pia"]
[Black "Tempone, Marcelo"]
[Result "1-0"]
[WhiteElo "2515"]
[BlackElo "2460"]

1.d4 Nf6 2.c4 e6 3.Nf3 Bb4+ 4.Nbd2 O-O 5.a3 Bxd2+ 6.Bxd2 b6 7.Bg5 Bb7 8.e3 d6
9.Be2 Nbd7 10.O-O Qe8 11.Nd2 Ne4 12.Nxe4 Bxe4 13.f3 Bb7 14.b4 f5 15.Bh4 e5
16.Rc1 a5 17.c5 bxc5 18.dxc5 dxc5 19.b5 Kh8 20.Qd2 Bc8 21.Rfd1 a4 22.Rc3 Rb8
23.Rd3 Rf7 24.Rd5 Rb6 25.Bc4 g5 26.Bxg5 Rg7 27.Bh4 Qh5 28.Bg3 h6 29.Rxd7 Bxd7
30.Bxe5 Rd6 31.Bxd6 cxd6 32.Qxd6 Qg5 33.g3 Qxe3+ 34.Kg2 Kh7 35.Qd3 Qe5 36.Rd2 Bc8
37.Re2 Qa1 38.Re8 Bb7 39.Qxf5+  1-0

[Event "Buenos Aires PRENAJ"]
[Site "Buenos Aires"]
[Date "1994.??.??"]
[Round "9"]
[White "Sorin, Ariel"]
[Black "Casafus, Ruben"]
[Result "1/2-1/2"]
[WhiteElo "2470"]
[BlackElo "2430"]

1.d4 Nf6 2.c4 e6 3.Nf3 Bb4+ 4.Nbd2 b6 5.e3 Bb7 6.Bd3 O-O 7.O-O d5 8.a3 Be7
9.b4 c5 10.bxc5 bxc5 11.Rb1 Ba6 12.Ne5 Qc7 13.Qa4 Bb7 14.Qb3 Bc8 15.Bb2 Nbd7
16.Nxd7 Bxd7 17.cxd5 exd5 18.dxc5 Qxc5 19.Rfc1 Qa5 20.Qc3 Qxc3 21.Rxc3 Rfb8
22.Bc1 Bd6 23.Rcb3 Rxb3 24.Rxb3 Ba4 25.Rb7 Bc6 26.Rb1 Ne4 27.Nf3 Nc5 28.Bf1 Ne6
29.Rb3 Kf8 30.Bd2 Rb8 31.Rxb8+ Bxb8 32.Bb4+ Ke8 33.Bd3 g6 34.Kf1 Bc7 35.Ba6 f6
36.g3 Bb6 37.Bc3 Kf7 38.Ke1 Nc7 39.Bd3 Nb5 40.Bb2 Bc5 41.Bxb5 Bxb5 42.Bd4 Bxa3  1/2-1/2

[Event "ESP-chT"]
[Site "Cala Galdana"]
[Date "1994.??.??"]
[Round "?"]
[White "Rodriguez Vargas, Orestes"]
[Black "Corral Blanco, Juan A"]
[Result "1/2-1/2"]
[WhiteElo "2440"]
[BlackElo "2395"]

1.d4 Nf6 2.c4 e6 3.Nf3 Bb4+ 4.Nbd2 O-O 5.a3 Bxd2+ 6.Qxd2 b6 7.b3 Bb7 8.Bb2 d6
9.g3 Ne4 10.Qe3 Nd7 11.Bg2 Ng5 12.O-O Nxf3+ 13.Bxf3 Bxf3 14.Qxf3 Re8 15.Rad1 e5
16.e4 Qe7 17.Rfe1 a5 18.Kg2 f6 19.Re3 Qf7 20.Qe2 Qg6 21.Kh1 exd4 22.Bxd4 Ne5
23.h3 Re7 24.b4 axb4 25.axb4 Qf7 26.Bxe5 Rxe5 27.Rd5 Rae8 28.Qc2 Qe6 29.Rxe5 Qxh3+
30.Kg1 Rxe5 31.f4 Re8 32.Qa2 h5 33.Qa4 Re7 34.c5 h4 35.cxd6 cxd6 36.Qa2+ Kh7
37.Qh2 Qxh2+ 38.Kxh2 hxg3+ 39.Kxg3 f5 40.Kf3 Rf7 41.Rd3 fxe4+ 42.Kxe4 Rf6
43.Rd4 Kg6 44.b5 Kf7 45.Kd5 Ke7 46.Ra4 Kd7 47.Ra7+ Kc8 48.Rxg7 Rxf4 49.Kc6 Rf8
50.Rb7 d5 51.Kxb6 d4 52.Rc7+ Kb8  1/2-1/2

[Event "Calcutta op"]
[Site "Calcutta"]
[Date "1994.??.??"]
[Round "5"]
[White "Deshmukh, Anup"]
[Black "Anilkumar, N R."]
[Result "0-1"]
[WhiteElo "2270"]
[BlackElo "2335"]

1.d4 Nf6 2.c4 e6 3.Nf3 Bb4+ 4.Nbd2 O-O 5.a3 Bxd2+ 6.Nxd2 d6 7.b3 e5 8.Bb2 Nc6
9.dxe5 dxe5 10.g3 Bf5 11.Bg2 Qe7 12.O-O Rfe8 13.b4 Rad8 14.b5 Na5 15.Qe1 Qc5
16.Rc1 b6 17.Bc3 Qxa3 18.e4 Bc8 19.Nb1 Qa4 20.Bxa5 bxa5 21.Nc3 Qb4 22.Nd5 Nxd5
23.cxd5 Qxb5 24.Rxc7 Bd7 25.Qc3 Qb6 26.Rc1 h6 27.Qa1 a4 28.Bf3 Bb5 29.Bg4 a6
30.h4 Qd4 31.Qxd4 exd4 32.f3 d3 33.Kf2 d2 34.Rd1 Rxd5 35.Rc2 a3 36.Bh3 Ba4
37.Rcxd2 Rxd2+ 38.Rxd2 Bb3 39.Rd6 a5 40.Rc6 Rd8  0-1

[Event "Calcutta op"]
[Site "Calcutta"]
[Date "1994.??.??"]
[Round "9"]
[White "Gokhale, Jayant Suresh"]
[Black "Antonio, Rogelio Jr"]
[Result "0-1"]
[WhiteElo "2200"]
[BlackElo "2505"]

1.d4 Nf6 2.c4 e6 3.Nf3 Bb4+ 4.Nbd2 d5 5.g3 Nc6 6.Bg2 dxc4 7.O-O Bxd2 8.Bxd2 O-O
9.Qc2 Nxd4 10.Nxd4 Qxd4 11.Rfd1 Qc5 12.Rac1 c6 13.b3 Qh5 14.Qxc4 e5 15.f3 e4
16.Bc3 exf3 17.Bxf3 Qg6 18.Qb4 Nd5 19.Bxd5 cxd5 20.Rxd5 Be6 21.Rd2 b6 22.Rcd1 h6
23.Qf4 Rfe8 24.Rd6 Rac8 25.Qd4 f6 26.e3 Kh7 27.Qd2 Rc7 28.Rd4 Rec8 29.Rc1 Bf5
30.Rd8 Rxd8 31.Qxd8 Rd7 32.Qb8 Bh3 33.Qf4 Rd5 34.g4 Rg5  0-1

[Event "Capablanca mem-B"]
[Site "?"]
[Date "1994.??.??"]
[Round "2"]
[White "Pecorelli Garcia, Humberto"]
[Black "Urday, Henry"]
[Result "0-1"]
[WhiteElo "2405"]
[BlackElo "2450"]

1.d4 Nf6 2.c4 e6 3.Nf3 Bb4+ 4.Nbd2 O-O 5.g3 d5 6.Bg2 dxc4 7.Qc2 a5 8.Qxc4 b6
9.a3 Ba6 10.Qc2 Be7 11.Nc4 c5 12.dxc5 Bxc5 13.O-O Nbd7 14.b4 axb4 15.axb4 Bxb4
16.Qb2 Nd5 17.Bd2 Be7 18.Qb3 Nc5 19.Qc2 Rc8 20.Qa2 Bf6 21.Rac1 b5 22.Nce5 Qd6
23.Ng4 Be7 24.Rcd1 Na4 25.e4 Ndb6 26.Qa1 Qa3 27.Qe5 Qc5 28.Qf4 Qh5 29.Nge5 f6
30.g4 Qe8 31.Nd3 Nc4 32.Bb4 Bb7 33.g5 f5 34.Bxe7 Qxe7 35.Nde5 fxe4 36.Qh4 exf3
37.Rd7 Nxe5 38.Rxe7 fxg2 39.Rxg7+ Kxg7 40.Qh6+ Kg8  0-1

[Event "Ceske Budejovice op"]
[Site "Ceske Budejovice"]
[Date "1994.??.??"]
[Round "4"]
[White "Bellin, Jana"]
[Black "Lechtynsky, Jiri"]
[Result "0-1"]
[WhiteElo "2210"]
[BlackElo "2420"]

1.d4 Nf6 2.c4 e6 3.Nf3 Bb4+ 4.Nbd2 c5 5.a3 Bxd2+ 6.Bxd2 cxd4 7.Nxd4 d5 8.e3 O-O
9.Be2 e5 10.Nf3 Nc6 11.O-O e4 12.Nd4 Nxd4 13.exd4 dxc4 14.Bb4 Re8 15.Bxc4 Be6
16.Bb5 Bd7 17.Bc4 Bc6 18.Qb3 Bd5 19.Rac1 Qd7 20.a4 Rac8 21.Bxd5 Nxd5 22.Bd2 b6
23.a5 bxa5 24.Bxa5 Nf4 25.Rxc8 Qxc8 26.Qe3 Qg4 27.g3 Nh3+ 28.Kh1 Ng5 29.Bc3 Qh3
30.Rg1 Nf3 31.Rg2 Nxh2 32.Kg1 Nf3+  0-1

[Event "CZE-chT"]
[Site "?"]
[Date "1994.??.??"]
[Round "?"]
[White "Tichy, Vladimir"]
[Black "Lechtynsky, Jiri"]
[Result "1/2-1/2"]
[WhiteElo "2390"]
[BlackElo "2410"]

1.Nf3 Nf6 2.c4 e6 3.d4 Bb4+ 4.Nbd2 c5 5.a3 Bxd2+ 6.Bxd2 cxd4 7.Nxd4 d5 8.e3 O-O
9.Be2 e5 10.Nf3 Nc6 11.Bc3 Re8 12.cxd5 Nxd5 13.Rc1 Bg4 14.O-O Nxc3 15.Rxc3 e4
16.Nd4 Bxe2 17.Nxe2 Qxd1 18.Rxd1 Rad8 19.Rcc1 f5 20.h3 Kf7 21.Kh2 Rxd1  1/2-1/2

[Event "CZE-chT"]
[Site "?"]
[Date "1994.??.??"]
[Round "?"]
[White "Dobes, Ludek"]
[Black "Chloupek, Stanislav"]
[Result "1/2-1/2"]
[WhiteElo "2145"]
[BlackElo "2310"]

1.d4 Nf6 2.Nf3 e6 3.c4 Bb4+ 4.Nbd2 O-O 5.a3 Be7 6.g3 b6 7.Bg2 Bb7 8.O-O c5
9.b3 cxd4 10.Nxd4 Bxg2 11.Kxg2 Qc8 12.e3 Nc6 13.Bb2 Rd8 14.a4 a6 15.Rc1 Rb8
16.N2f3 Qb7 17.Kg1 Rbc8 18.Qe2 Ne4 19.Nxc6 dxc6 20.Rfd1 Bf6 21.Bxf6 Nxf6
22.Rxd8+ Rxd8 23.Rd1 Rxd1+ 24.Qxd1 Qd7 25.Qc2 Qd6 26.Kg2 h6 27.Nd2 c5 28.Qc3 a5
29.f3 Kf8 30.Kf2 Ke7 31.Ke2 e5 32.Qd3 Qe6 33.Ne4 Nxe4  1/2-1/2